00910nam a2200241Ia 450000500170000000800410001702000140005802000180007202000180009004000530010804100080016124500960016924600340026526000680029930000400036749000460040765000230045365000270047665000150050370000310051870000310054985600880058020171130124804.0130821s2006 enka gr eng  z199272220 a9780199272228 a9780199548477 aCo-BoUCMbspacSaul Niño (Modificó)d[Nuevo]00aeng04aThe Oxford handbook of political economyceditado por Barry R. Weingast y Donald A. Wittman30aHandbook of political economy aOxford (Oxfordshire, Inglaterra)bOxford University Pressc2006 axvii, 1093 páginasbilustraciones0 aThe Oxford handbooks of political science04aCiencia política 7aEconomía política 04aEconomía1 aWeingast, Barry R.eeditor1 aWittman, Donald A.eeditor42zTabla de Contenidouhttp://www.loc.gov/catdir/enhancements/fy0628/2006299715-t.html